Údolie Jozafat

Podrobná bibliografia
Hlavný autor: Matejovič, Pavel, 1963- (Autor)
Médium: Článok
Jazyk:slovenčina
ISSN:1335-2296
Predmet:

MARC

LEADER 00000nab a2200000 a 4500
001 vtls000648621
003 SK-MaSNL
005 20260303184954.0
008 140619c1998 xo 0 slo
015 |a SNBRA1998/01-01502 
035 |a CLN000000816 
040 |a SNKBUCL  |b slo  |c SNKBUCL  |e AACR2 
041 0 |a slo 
044 |a xo  |c SK 
080 |a 82.09:884-3(048)  |2 1997 
080 |a 884-3(048)  |2 1997 
100 1 |a Matejovič, Pavel,  |d 1963-  |4 aut  |9 112369 
245 1 0 |a Údolie Jozafat  |c Pavel Matejovič 
650 0 7 |a poľská literatúra  |2 snkbucl  |9 1201 
650 0 7 |a romány spoločenské  |x literatúra poľská  |x recenzie  |2 snkbucl  |9 1215664 
655 7 |a články z novín a časopisov  |2 snkbucl  |2 snkbucl  |9 267496 
773 0 |t OS  |g Č. 1 (1998), s. 77-78  |x 1335-2296 
787 0 8 |i Rec.:  |a Konwicki, Tadeusz, 1926-  |t Poľský komplex  |d Bratislava : Kalligram, 1997  |z 8071491810 
850 |a Slovenská národná knižnica v Martine 
852 |a SNK  |b KIS3GCP 
958 |a PL 
958 |a LX 
992 |a RBX 
999 |c 2129103  |d 2131033